LEADER 00668nam a2200181 i 4500 001 000000178810 003 CaOOAMICUS 005 20090414000000.0 008 090414s1957 it u000 u fre u 013 $a156385 040 $aSeMil$bita 245 10$aDes origines a la chrétienté médiévale. 300 $a351 p. 500 $aContiene : Bibliographie générale. 773 0 $aLatreille, André$tHistoire du Catholicisme en France.$dParis : Spes, 1957-1962.$g1$w()21084 850 $aSeMil 852 $aSeMil$W1$xVenegono$y1$m3A IV 121$j129580$B129580$CSeMilBibl$Z2$F141086 $81 996 $6245$aDes origines a la chrétienté médiévale$9(OLS)http://semarc/title/256819 LEADER 00762nam a2200193 i 4500 001 000000127277 003 CaOOAMICUS 005 20040609000000.0 008 040609s1965 gw u000 u ger u 013 $a99985 040 $aSeMil$bita 245 10$aRegisterband /$cbearbeitet von Wilfrid Werbeck. 300 $a1112 col. 700 1 $aWerbeck, Wilfrid.$0(OLS)http://semarc/name/10056 700 1 $aGalling, Kurt.$0(OLS)http://semarc/name/5635 773 0 $tReligion in Geschichte und Gegenwart.$b3., völlig neu bearbeitete Auflage.$dTübingen : J.C.B. Mohr, Paul Siebeck, 1957-1965.$w()11749 850 $aSeMil 852 $aSeMil$W1$xVenegono$y1$mSL1.Q VIII 22$j81592$B81592$CSeMilBibl$Z2$F83715 $8I 996 $6245$aRegisterband$9(OLS)http://semarc/title/103433